000 00291nam a22001217a 4500
008 181031b xxu||||| |||| 00| 0 eng d
041 _aeng
080 _a621
100 _a27
101 _aENG
245 _aProbaliity And Statistics Engineering Scienceas
_cRonald.e.w
942 _2udc
_cBK
999 _c51269
_d51269